Catalog

Record Details

Catalog Search



Navajo  Cover Image Book Book

Navajo / Valerie Bodden.

Bodden, Valerie. (Author).

Summary:

"A history of the people and events that influenced the North American Indian tribe known as the Navajo, including headman Manuelito and conflicts such as the Second Battle of Fort Defiance"-- Provided by publisher.

Record details

  • ISBN: 9781608185535
  • ISBN: 1608185532
  • Physical Description: 48 pages : color illustrations, maps ; 26 cm.
  • Publisher: Mankato, MN : Creative Education, ©2015

Content descriptions

Bibliography, etc. Note:
Includes bibliographical references (page 47) and index.
Formatted Contents Note:
Into the southwest -- Being Navajo: fear of death -- Being Navajo: the gift of Spider Woman -- Navajo life -- Being Navajo: what's in a name? -- Being Navajo: becoming a singer -- Contact and conflict -- Being Navajo: kidnapped for school -- Being Navajo: furs and evening gowns -- Return to Dinetah -- Being Navajo: talking in code -- Being Navajo: a nuclear disaster -- Traditional story: the hero twins.
Subject: Navajo Indians > Juvenile literature.

Available copies

  • 1 of 1 copy available at scottsboropl.

Holds

  • 0 current holds with 1 total copy.
Show Only Available Copies
Location Call Number / Copy Notes Barcode Shelving Location Status Due Date
scottsboropl J 979.1004 Bod 32269000981392 Juvenile - NonFiction Available -

LDR 01802nam a2200349 i 4500
001141436
003CONS
00520160518150126.0
008141020s2015 mnuab j b 001 0 eng
010 . ‡a 2014041747
020 . ‡a9781608185535 ‡q(hardback)
020 . ‡a1608185532 ‡q(hardback)
035 . ‡a(CPomAG)LMN594854
042 . ‡apcc
043 . ‡an-ust--
05000. ‡aE99.N3 ‡bB577 2015
08200. ‡a979.1004/9726 ‡223
1001 . ‡aBodden, Valerie.
24510. ‡aNavajo / ‡cValerie Bodden.
264 1. ‡aMankato, MN : ‡bCreative Education, ‡c©2015
300 . ‡a48 pages : ‡bcolor illustrations, maps ; ‡c26 cm.
336 . ‡atext ‡btxt ‡2rdacontent
337 . ‡aunmediated ‡bn ‡2rdamedia
338 . ‡avolume ‡bnc ‡2rdacarrier
504 . ‡aIncludes bibliographical references (page 47) and index.
5050 . ‡aInto the southwest -- Being Navajo: fear of death -- Being Navajo: the gift of Spider Woman -- Navajo life -- Being Navajo: what's in a name? -- Being Navajo: becoming a singer -- Contact and conflict -- Being Navajo: kidnapped for school -- Being Navajo: furs and evening gowns -- Return to Dinetah -- Being Navajo: talking in code -- Being Navajo: a nuclear disaster -- Traditional story: the hero twins.
520 . ‡a"A history of the people and events that influenced the North American Indian tribe known as the Navajo, including headman Manuelito and conflicts such as the Second Battle of Fort Defiance"-- ‡cProvided by publisher.
650 0. ‡aNavajo Indians ‡vJuvenile literature.
830 0. ‡aPeoples of North America (Creative Education, Inc. (Mankato, Minn.))
914 . ‡aSCP_jd
959 . ‡i32269000981392 ‡lJ979.1004 Bod ‡aJuvenile - NonFiction ‡tJuv Nonfiction ‡g40.00
852 . ‡p32269000981392 ‡jJ979.1004 Bod ‡gJuvenile - NonFiction ‡cJuv Nonfiction ‡y40.00 ‡bSBPL
901 . ‡a141436 ‡bUnknown ‡c141436 ‡tbiblio

Additional Resources